An Overview of Romany Studies in Slovakia

Titel: An Overview of Romany Studies in Slovakia
Verfasser:
In: Ethnology in Slovakia at the beginning of the 21st century, (2005), Seite 185-196
alle Artikel anzeigen
Veröffentlicht: 2005
Format: Aufsatz
Sprache: Englisch
Kein Bild verfügbar
X
alg: 39171191
001A    $01999:11-11-16 
001B    $01999:25-04-21 $t10:54:09.000 
001D    $01999:11-11-16 
001U    $0utf8 
001X    $00 
002@    $0Aox 
003@    $0391711911 
007A    $0391711911 $aHEB 
007T    $0Herdc0023738m 
010@    $aeng 
011@    $a2005 
021A    $aAn @Overview of Romany Studies in Slovakia 
028A    $aMann $dArne B. 
031A    $h185-196 $j2005 
039B    $aIn $8--Aaxaf--. Ethnology in Slovakia at the beginning of the 21st century. - Wien : Inst. für Europ. Ethnologie der Univ., 2005. - 229 S.. - graph. Darst.. - ISBN 3-902029-10-2 $x200500000000000815 $9180852833 
045F    $a305.80094373 $eDDC23BSB 
045F/01 $a305.8009 
045F/03 $g4373 

lok: 39171191 78

exp: 39171191 78 1 #EPN
201B/01 $019-04-17 $t10:21:04.000 
201U/01 $0utf8 
203@/01 $0787806625 
208@/01 $a11-11-16 $be 
209A/01 $a/ $f000 $x00 
220C/01 $aTitelaufnehmer: gk;sk 
244Z/01 $2Trx $#Slowakische Republik $#Szlovák Köztársaság $#Republika Słowacka $#Slovenská Republika $#Slovensko $#Slowakei $#Słowacja $#Slovensko $8--Trx--Slovenská Republika $x01 $9391345796 
244Z/01 $2Trx $#romad a sindid $#romai $#Roma and Sinti $#roma és cigány $#Romowie $#Rómovia $#Romové a Sintové $#Zigeuner $#Cyganie $#cigáni $#cikáni $8--Trx--Roma und Sinti $x02 $9391377922 
244Z/01 $2Trx $#etnoloogia teadus $#etnologija mokslas $#ethnology $#etnológia tudomány $#etnologia nauka $#etnológia náuka $#etnologie věda $#Völkerkunde $#národopis $8--Trx--Ethnologie$gWissenschaft $x03 $9391371274 
244Z/01 $2Trx $8--Trx--Einzelbeiträge $x04 $9391384570 
245Z/01 $a08.04.10 $x01 
247C/01 $82080>Marburg/Lahn, Herder-Institut, Forschungsbibliothek, Bibliographieportal $9336309341
LEADER 00000caa a22000002c 4500
001 391711911
003 DE-603
005 20210425105409.0
007 tu
008 161111s2005 xx |||| | u00||u|eng c
035 |a (DE-599)HEB391711911 
040 |a DE-603  |b ger  |c DE-603  |d DE-603 
041 |a eng 
082 0 4 |8 1\u  |a 305.80094373  |q DE-101  |2 23/BSB 
085 |8 1\u  |b 305.8009 
085 |8 1\u  |z 2  |s 4373 
100 1 |a Mann, Arne B. 
245 0 0 |a ˜Anœ Overview of Romany Studies in Slovakia 
264 0 |c 2005 
773 0 8 |i In  |t Ethnology in Slovakia at the beginning of the 21st century  |d Wien : Inst. für Europ. Ethnologie der Univ., 2005  |h 229 S., graph. Darst.  |z 3902029102  |g (2005), Seite 185-196  |w (DE-603)180852833 
924 0 |9 2080  |a (DE-603)787806625  |b DE-2080  |c HES  |d d  |g /